| 000 | 01264cam a2200385 a 4500 | ||
|---|---|---|---|
| 001 | 14001476 | ||
| 003 | OSt | ||
| 005 | 20140310184503.0 | ||
| 008 | 050613s2004 nyua c 000 1 eng d | ||
| 010 | _a 2005278077 | ||
| 020 | _a0439681200 | ||
| 035 | _a(OCoLC)ocm57229529 | ||
| 040 |
_aWDG _cWDG _dOCLCQ _dDLC |
||
| 042 |
_alcac _alccopycat |
||
| 050 | 0 | 0 |
_aPZ 7 _b.J7216b9 2004 |
| 100 | 1 |
_aJones, Marcia Thornton. _94140 |
|
| 245 | 1 | 0 |
_aBeware of the blabbermouth! / _cMarcia Thornton Jones and Debbie Dadey ; illustrated by Guy Francis. |
| 260 |
_aNew York : _bScholastic Inc., _c2004. |
||
| 300 |
_a81 p. : _bill. ; _c20 cm. |
||
| 490 | 0 |
_aGhostville Elementary ; _v9 |
|
| 521 | 1 | _aG4 | |
| 526 | _c660 | ||
| 650 | 0 |
_aGhost stories. _94370 |
|
| 650 | 1 |
_aGhosts _vFiction. _927929 |
|
| 650 | 1 |
_aGossip _vFiction. _927930 |
|
| 650 | 1 |
_aSchools _vFiction. _927931 |
|
| 700 | 1 |
_aDadey, Debbie. _94137 |
|
| 700 | 1 |
_aFrancis, Guy, _eill. _927932 |
|
| 856 | 4 | 2 |
_3Publisher description _uhttp://www.loc.gov/catdir/enhancements/fy1203/2005278077-d.html |
| 906 |
_a7 _bcbc _ccopycat _d2 _encip _f20 _gy-gencatlg |
||
| 942 |
_2lcc _cBK-SCHOLAS |
||
| 999 |
_c34781 _d34781 |
||